| 000 | 00346nam a2200133Ia 4500 | ||
|---|---|---|---|
| 008 | 150301s2013 xx 000 0 und d | ||
| 082 |
_a614.44 _bP13P |
||
| 100 | _aPARK, K | ||
| 245 | _aPARK'S TB OF PREVENTIVE & SOCIOLOGY MEDICINE | ||
| 260 |
_bBHARAT PUB. _c2013 |
||
| 300 | _a876 | ||
| 650 | _aPREVENTIVE & SOCIAL MEDICINE | ||
| 942 |
_2ddc _cBK _04 |
||
| 999 |
_c6773 _d6773 |
||